1631 1776 1892 1387 1359 1648 1875 1007 1025 1529 1701 1613 1802 1848 1392 1637 1037 1122 1318 1422 1589 1028 1536 1461 1291 1504 1401 1712 1583 1767 1016 1998 1816 1983 1630 1812 1475 1683 1876 1574 1133 1159 1194 1738 1431 1752 1908 1502 1870 1858 1890 1720 1510 1376 1547 1553 1028 1215 1584 1000 1457 1462 1502 1088 1448 1873 1616 1702 1995 1512 1029 1221 1778 1281 1389 1376 1034 1211 1803 1909 1246 1588 1373 1988 1369 1910 1565 1457 1568 1705 1019 1804 1920 1590 1315 1973 1280 1423 1851 BCNSPRNW ULIB Ver.6.0+V

เปลี่ยนเป็นภาษาไทย

Change to English
 แสดงรายละเอียดบรรณานุกรม
  กลับหน้าหลัก

Brief Record : Get Marc (ISO 2709) : E-mail record : QR code < ปิดหน้าต่าง
LEADER : 00000nas 2200000uu 4500
001    13399122790
003     ULIB
008    130926s||||||||th 000 0 tha d
022 0  19068670
110 1  สมาคมนักประชากรไทย มหาวิทยาลัยมหิดล
245 00 วารสารประชากร=^nThai Population Journal
310    ราย 6 เดือน
500    เอกสารทางวิชาการของสมาคมนักประชากรไทย
700 0  ปราโมทย์ ประสาทกุล,^eบรรณาธิการ
850    ^aปีที่ 4 ฉบับที่ 1
945    ^p0^l0^i901606
999    ^aเกษร โพธิ์สุวรรณ
รายการนี้ยังไม่มีแท็ก
คุณยังไม่ได้ล็อกอิน คุณสามารถมีกิจกรรมร่วมกับเว็บไซต์ได้ แต่ต้องล็อกอินก่อน ::
  ล็อกอิน

รายการสื่อสารสนเทศ (วารสาร)

ดูแบบ: กล่อง รายการ
ARRIVED
ปีที่ 4 ฉบับที่ 1
สถานที่: ห้องสมุดวิทยาเขตสวรรค์ประชารักษ์ >วารสาร

BibComment


ยังไม่เคยถูกคอมเมนท์

คอมเมนท์ทรัพยากรรายการนี้
  คอมเมนท์: วารสารประชากร Tha..


 Copyright 2026. Bcnsprnw @Library